| 000 | 00738nam a22002417a 4500 | ||
|---|---|---|---|
| 003 | OSt | ||
| 005 | 20240625100351.0 | ||
| 008 | 240625b |||||||| |||| 00| 0 eng d | ||
| 040 | _cSTCPL | ||
| 041 | _aMAL | ||
| 100 | _aJ Raghu | ||
| 245 |
_aNarayanaguruvum Kerala 'arivoli' prasthanavum - _hനാരായണഗുരുവും കേരള 'അറിവൊളി' പ്രസ്ഥാനവും |
||
| 246 |
_aMTBM _fVol.102; No.15 - _g30 June 2024 _hpp. 38-49 |
||
| 630 | _aHIS | ||
| 650 | _aKerala history | ||
| 650 | _aSree Narayan Guru | ||
| 650 | _aKerala reformation | ||
| 650 | _aKerala enlightenment | ||
| 650 | _aArivoli prasthanam | ||
| 650 | _aAruvippuram | ||
| 942 | _cARTICLE | ||
| 942 |
_2ddc _n0 |
||
| 999 |
_c82996 _d82996 |
||